00984 2200337 4500001002100000005001500021035002500036020001800061040001200079082001800091084001800109100002300127245010800150250004400258260005000302300005100352504002900403650002600432700002100458850001200479041000800491990001600499990001600515990001600531990001700547990001600564990001600580990001700596990001700613990001600630YOGYA00000000009998020180702101515 a0010-111300000000091 a979-3532-26-2 aYOPDYOG042[22]a658.154 a658.154 Gun A0 aGUNAWAN ADISAPUTRO1 aAnggaran bisnis :banalisis, perencanaan, dan pengendalian laba /cGunawan Adisaputro, Yunita Anggarini aEdisi pertama, Cetakan kedua, Juni 2011 aYogyakarta :bUPP STIM YKPN Yogyakarta,c2011 axxiv, 432 halaman :bilustrasi, tabel ;c24 cm aBibliografi: hlm 431-432 4aAnggaran dalam bisnis0 aYUNITA ANGGARINI aYOPDYOG0 aind a3425/B.2013 a3426/B.2013 a3427/B.2013 a3426-PD/B.13 a3425/B.2013 a3427/B.2013 a3425-PD/B.13 a3426-PD/B.13 a3427/B.2013